=LDR 00000nam 2200000 4500 =001 INLIS000000000007937 =005 20130612095849 =008 ***********************************Ind** =035 ##$$0010-061300000007937 =041 ##$$a Ind =082 ##$$a 001.5 =090 ##$$a 001.5, Pro k =100 ##$$a Projosaputro, R. Sumardi =245 ##$$a Komunikasi arti dan peranannya dalam fungsi kepemimpinan, R. Soewardi Projosaputro =260 ##$$a 1978 $b Denpasar =300 ##$$a 119 hlm, 21 cm =650 ##$$a Komunikasi